Countries of the Low Countries / Netherlands in 1350 with a Map - Statistics

General Stats
  • This quiz has been taken 5,462 times
  • The average score is 11 of 54
Answers on the Map
Answers color-coded by a green-red scale on the quiz's map according to % correct below.
 
Answer Stats
Countries % Correct
Holland
91%
Flanders
84%
Luxembourg
82%
Frisia
75%
Utrecht
74%
Zeeland
73%
Brabant
68%
Liège
57%
Guelders
52%
Limburg
52%
Aachen
36%
Hainaut
36%
Namur
35%
Maastricht
28%
Artois
24%
Cleves
21%
Urk-Emmeloord
18%
Cambrai
16%
Terschelling
16%
Jülich
15%
Loon
15%
Schiermonnikoog
15%
Tournai
13%
Stavelot-Malmedy
11%
Bentheim
10%
Vianen
8%
Valkenburg
7%
Culemborg
6%
Weert
6%
Chiny
5%
Buren
4%
Gemert
4%
Megen
4%
Salm
4%
Thorn
4%
Boxmeer
3%
Dalhem
3%
Kornelimünster
3%
Vianden
3%
Anholt
2%
Burtscheid
2%
Elten
2%
Gronsveld
2%
Hamal
2%
Kessenich
2%
Leut
2%
Meijel
2%
Neeritter-Heel
2%
Rode
2%
Sint-Pieters-Voeren
2%
Wittem
2%
Hees
1%
Pietersheim
1%
Slenaken
1%
No matching quizzes found
Score Distribution
Percent of People with Each Score
Percentile by Number Answered
Your Score History
You have not taken this quiz